| 000 | 00858cad a22001935a 4500 | ||
|---|---|---|---|
| 001 | L155169 | ||
| 008 | 120307s2012 xxk 000 0 eng d | ||
| 035 | _a(Sirsi) u155169 | ||
| 041 | 0 | _aeng | |
| 110 | 2 |
_aEstates Gazette _9298 |
|
| 245 | 0 | 4 | _aThe UK's most active agents 2011 |
| 260 | _c2012 | ||
| 520 | _aSummarises the results of EGi 2011 deals competition which attracted a record amount of transaction data from participating agents. Tables cover: top five agents - lettings; top five agents - investments; top five agents in industrial, office, retail, and leisure and hotels lettings' categories; and top five agents in each category by region. | ||
| 590 | _aKA | ||
| 651 | 4 | _aUnited Kingdom | |
| 690 |
_aCommercial property _96227 |
||
| 856 | 4 | 0 |
_uhttps://www.estatesgazette.com/deals/ _zView the article at www.estatesgazette.com |
| 942 | _n0 | ||
| 999 |
_c83829 _d83829 |
||